000 00478nam a2200169Ia 4500
008 230718s9999 xx 000 0 und d
020 _a9788173719547
041 _aeng
082 _a005.678
_bBAH
100 _aBahga A.
_9197237
245 _aInternet Of Things
_bA Hands-On Approach
260 _c2014
_bUniversities Press
300 _a520
365 _cRs.
_b725.00
700 _aBahga A. & Madisetti V.
_9197238
906 _dO:0662814-Sep-2019B:IN49007-Sep-2019
_cTC
_b725
999 _c350365
_d350365